| 000 | 00655nam a22001697a 4500 | ||
|---|---|---|---|
| 999 |
_c13896 _d13896 |
||
| 008 | 190509b ||||| |||| 00| 0 eng d | ||
| 082 |
_22019 _aUT 1282 _bB22 |
||
| 100 |
_aBarbadillo, Laurencio Jr. C. _938692 |
||
| 245 |
_aCauses of stress and academic performance of BSA students/ _cLaurencio Jr. C. Barbadillo, Monde Maurence P. Flores and Ara Jean S. Castro |
||
| 260 |
_aDigos City. _bUMDC _cJanuary 2019 |
||
| 300 |
_a60 pages. _c30 cm. |
||
| 650 |
_aAccountancy _vUndergraduate thesis. _938693 |
||
| 700 |
_aBarbadillo, Laurencio Jr. C. _938692 |
||
| 700 |
_aFlores, Monde Maurene P. _938694 |
||
| 700 |
_aCastro, Ara Jean S. _938695 |
||
| 942 |
_2ddc _cUT |
||